ARRUPE JESUIT UNIVERSITY

CORONAVIRUS -STOP THE SPREAD - CLEAN,DISINFECT,COVER

Multiparty electoral process in Kenya / (Record no. 124386)

MARC details
000 -LEADER
fixed length control field 01271nam a2200301 a 4500
001 - CONTROL NUMBER
control field 632643
003 - CONTROL NUMBER IDENTIFIER
control field ARRUPE
005 - DATE AND TIME OF LATEST TRANSACTION
control field 20160318112458.0
008 - FIXED-LENGTH DATA ELEMENTS--GENERAL INFORMATION
fixed length control field 930715s1992 ke a b 000 0 eng
010 ## - LIBRARY OF CONGRESS CONTROL NUMBER
LC control number 92982018
040 ## - CATALOGING SOURCE
Original cataloging agency DLC
Transcribing agency DLC
043 ## - GEOGRAPHIC AREA CODE
Geographic area code f-ke---
050 00 - LIBRARY OF CONGRESS CALL NUMBER
Classification number JQ2947.A95
Item number W35 1992
082 00 - DEWEY DECIMAL CLASSIFICATION NUMBER
Classification number 324.6/096762
Edition number 20
300 ## - PHYSICAL DESCRIPTION
Other physical details ill. ;
Dimensions 21 cm.
100 1# - MAIN ENTRY--PERSONAL NAME
Personal name Wanjohi, Nick Gatheru.
9 (RLIN) 22981
245 10 - TITLE STATEMENT
Title Multiparty electoral process in Kenya /
Statement of responsibility, etc Nick Gatheru Wanjohi ; prepared for the National Council of Churches of Kenya, Education for Participatory Democracy Project, Justice, Peace and Reconciliation Programme.
260 ## - PUBLICATION, DISTRIBUTION, ETC. (IMPRINT)
Place of publication, distribution, etc Nairobi, Kenya :
Name of publisher, distributor, etc National Council of Churches of Kenya,
Date of publication, distribution, etc 1992.
300 ## - PHYSICAL DESCRIPTION
Extent 81 p.;
500 ## - GENERAL NOTE
General note "July 1992."
504 ## - BIBLIOGRAPHY, ETC. NOTE
Bibliography, etc Includes bibliographical references (p. 81).
650 #0 - SUBJECT ADDED ENTRY--TOPICAL TERM
Topical term or geographic name as entry element Elections
Geographic subdivision Kenya.
9 (RLIN) 22982
650 #0 - SUBJECT ADDED ENTRY--TOPICAL TERM
Topical term or geographic name as entry element Voting
Geographic subdivision Kenya.
9 (RLIN) 22983
650 #0 - SUBJECT ADDED ENTRY--TOPICAL TERM
Topical term or geographic name as entry element Political parties
Geographic subdivision Kenya.
9 (RLIN) 22984
710 2# - ADDED ENTRY--CORPORATE NAME
Corporate name or jurisdiction name as entry element Education for Participatory Democracy Project (National Council of Churches of Kenya)
9 (RLIN) 22985
906 ## - LOCAL DATA ELEMENT F, LDF (RLIN)
a 7
b cbc
c orignew
d 2
e ncip
f 19
g y-gencatlg
942 ## - ADDED ENTRY ELEMENTS (KOHA)
Source of classification or shelving scheme Library of Congress Classification
Koha item type Monograph ( Printed materials)
Holdings
Withdrawn status Lost status Source of classification or shelving scheme Damaged status Not for loan Collection code Home library Current library Shelving location Date acquired Total Checkouts Full call number Barcode Date last seen Price effective from Koha item type
    Library of Congress Classification     Main Collection ARRUPE LIBRARY ARRUPE LIBRARY Main Collection 18/03/2016   JQ2947.A95W35 1992 46500006345 18/03/2016 18/03/2016 Monograph ( Printed materials)

 

Arrupe Library. PO Box MP320 Mt Pleasant, Harare, Zimbabwe
263 242 745411|librarian@aju.ac.zw